Código de derecho canónico / (Record no. 171917)
[ view plain ]
| 000 -LEADER | |
|---|---|
| campo de control de longitud fija | 01166nam a2200277 i 4500 |
| 001 - NÚMERO DE CONTROL | |
| campo de control | 171917 |
| 003 - IDENTIFICADOR DE NÚMERO DE CONTROL | |
| campo de control | ES-MaACL |
| 005 - FECHA Y HORA DE LA ÚLTIMA TRANSACCIÓN | |
| campo de control | 20250830111234.0 |
| 008 - DATOS DE LONGITUD FIJA--INFORMACIÓN GENERAL | |
| campo de control de longitud fija | 090608s1983 sp |||| | spa d |
| 017 ## - NÚMERO DE COPYRIGHT O DE DEPÓSITO LEGAL | |
| Número de copyright o de depósito legal | M 30525-1983 |
| 020 ## - NÚMERO INTERNACIONAL ESTÁNDAR DEL LIBRO | |
| Número Internacional Estándar del Libro | 84-220-1108-5 |
| 110 2# - ENTRADA PRINCIPAL--NOMBRE DE ENTIDAD CORPORATIVA | |
| Nombre de entidad corporativa o nombre de jurisdicción como elemento de entrada | Iglesia Católica |
| 9 (RLIN) | 4639 |
| 240 10 - TÍTULO UNIFORME | |
| Título uniforme | Codex juris canonici, 1983. |
| Lenguaje de la obra | Español-Latín |
| 245 10 - MENCIÓN DEL TÍTULO | |
| Título | Código de derecho canónico / |
| Mención de responsabilidad, etc. | edición bilingüe comentada por los profesores de la Facultad de Derecho canónico de la Universidad Pontificia de Salamanca ; dirección Lamberto de Echeverría ; colaboradores, Juan Luis Acebal... [et al.] ; presentación de Antonio Innocenti. |
| 260 ## - PUBLICACIÓN, DISTRIBUCIÓN, ETC. | |
| Lugar de publicación, distribución, etc. | Madrid : |
| Nombre del editor, distribuidor, etc. | La Editorial Católica, |
| Fecha de publicación, distribución, etc. | 1983. |
| 300 ## - DESCRIPCIÓN FÍSICA | |
| Extensión | LXVII, 921 p. ; |
| Dimensiones | 20 cm. |
| 490 1# - MENCIÓN DE SERIE | |
| Mención de serie | Biblioteca de autores cristianos ; |
| Designación de volumen o secuencia | 442 |
| 546 ## - NOTA DE IDIOMA | |
| Nota de lengua/lenguaje | Texto latino y traducción en español. |
| 700 0# - ENTRADA AGREGADA--NOMBRE PERSONAL | |
| Nombre de persona | Echeverría, Lamberto de. |
| 9 (RLIN) | 46577 |
| 700 1# - ENTRADA AGREGADA--NOMBRE PERSONAL | |
| Nombre de persona | Acebal, Juan Luis, |
| Fechas asociadas al nombre | 1930-1998 |
| 9 (RLIN) | 18209 |
| 700 0# - ENTRADA AGREGADA--NOMBRE PERSONAL | |
| Nombre de persona | Innocenti, Antonio. |
| 9 (RLIN) | 140543 |
| 830 00 - PUNTO DE ACCESO ADICIONAL DE SERIE-TÍTULO UNIFORME | |
| Título uniforme | Biblioteca de autores cristianos |
| Designación de volumen o secuencia | 442 |
| 9 (RLIN) | 178679 |
| 852 ## - LOCALIZACIÓN | |
| Ubicación | ES-MaACL |
| Número de control de estantería | J-431 |
| itemnumber | R.46092 |
| Estatus retirado | Estado de pérdida | Estado de daño | No para préstamo | Biblioteca de origen | Biblioteca actual | Ubicación en estantería | Fecha de adquisición | Fuente de adquisición | Total de préstamos | Signatura topográfica completa | Código de barras | Visto por última vez | Precio de reemplazo | Tipo de ítem Koha |
|---|---|---|---|---|---|---|---|---|---|---|---|---|---|---|
| Biblioteca del Ateneo de Madrid | Biblioteca del Ateneo de Madrid | Depósito 2 | 08/06/2009 | J-431 | 1180421 | 23/02/2023 | 23/02/2023 | Libro impreso |
